| 000 | 00506nam a22001817a 4500 | ||
|---|---|---|---|
| 005 | 20250829123916.0 | ||
| 008 | 250829b |||||||| |||| 00| 0 eng d | ||
| 020 | _a9789358400830 | ||
| 041 | _aeng | ||
| 082 | _a658 SAR | ||
| 100 | _a Sarkar,Subhranghsu Sekhar | ||
| 245 | _aExcellence in Management Education : a Case and Research Compendium | ||
| 260 |
_aMumbai _bHimalaya Publishing House _c2024 |
||
| 300 | _a293;. p. 23 cm | ||
| 650 | _aManagement | ||
| 700 | _a Mangaraj, Sujata | ||
| 942 | _cBK | ||
| 999 |
_c46489 _d46489 |
||